Vitale Signs

Sparad:
Bibliografiska uppgifter
Huvudupphovsman: Wood, Bárbara
Materialtyp: Bok
Språk:Undetermined
Publicerad: Gran Bretaña Warner Book 1994
Ämnen:
Taggar: Lägg till en tagg
Inga taggar, Lägg till första taggen!

MARC

LEADER 00000nam a2200000Ia 4500
008 170316s9999 xx 000 0 und d
040 |a cru BVZT 
090 |a 820 W-11.1v 
100 |a Wood, Bárbara 
245 |a Vitale Signs 
260 |a Gran Bretaña 
260 |b Warner Book 
260 |c 1994 
300 |a 407 páginas 
650 |a LITERATURA INGLESA 
999 |c 7250  |d 7250 
942 |c 15 D  |h 820 W-11.1v  |2 z